000 00380nam a2200169Ia 4500
001 10211
008 140328s9999 xx 000 0 und d
020 _a0-7506-2559-7
040 _cPK-LaUMT
082 _a 513.2
_bCAR-C
100 _aCarr, Verity
245 _aComplex numbers made simple
_cCarr, Verity
260 _c1996
300 _a134 p.
546 _aEN
942 _cBK
999 _c11237
_d11237